000 01494nam0a22003371 4500
001 rc\2162857
005 20260407143827.0
035 _a(NLR Aleph) 006706025
090 _a5293670
_c5293670
100 _a20110829d1978 |||y0rusy50 ca
101 0 _arus
102 _aRU
105 _ay ac |||||
200 1 _aБиблиографический указатель изобретений и научных работ по рентгенолюминофорам и рентгеновским экранам с 1970 по 1977 год
_f[Н.Г. Горбушин, М.А. Ильина, Р.В. Катомина и др.
_gРед. А.М. Гурвич]
210 _aОбнинск
_cБ. и.
_d1978
215 _a43 с.
_d21
300 _aВ надзаг.: НИИ мед. радиологии АМН СССР
300 _aСост. указаны на обороте тит. л.
606 _aРентгенолюминесценция -
_jУказатели литературы
_2psbo
701 1 _aКатомина
_bР.В.
701 1 _aГорбушин
_bН.Г.
_gНиколай Григорьевич
701 1 _aИльина
_bМ.А.
702 1 _aГурвич
_bА.М.
_4340
712 0 2 _aНИИ медицинской радиологии
_cОбнинск
_3RU\NLR\AUTH\8810016600
_9531061
801 0 _aRU
_bNLR
_gpsbo
801 1 _aRU
_bELAR
_2rusmarc
852 _aNLR
_jС279-500/Б59
899 _aRuMoRGB
_jБ 78-51/1799
899 _aRuMoRGB
_jБ 78-51/1800
942 _cBOOK
980 _aNB